00350nam a2200133 a 45000010010000000030011000100080041000210350026000620820012000881000029001002450022001292600051001516500014002020000-8866ELIB.Books110520 1962  a(ELIB.Books)0000-9012 aB bFis aFisher, Welthy Honsinger aTo Light a Candle bLondon: McGraw- Hill Book Comoany, Inc. c1962 aBiography